| 000 | 00526nam a2200193Ia 4500 | ||
|---|---|---|---|
| 003 | LDD | ||
| 008 | 181029s9999 xx 000 0 und d | ||
| 020 |
_a9780415254595 _cP 10.99 |
||
| 040 | _cLDD | ||
| 100 | _aBeaudion, Steven M. | ||
| 245 | 0 |
_aPoverty in world history _cSteven M. Beaudion |
|
| 260 |
_aNew York _bRoutledge _c2006 |
||
| 300 | _avi, 124p. | ||
| 365 | _bP 10.99 | ||
| 901 |
_a3858 _b26-02-2007 |
||
| 902 |
_a11601 _b16-03-2007 _cF _dGBH _e311 |
||
| 903 |
_aDiscount-10 _bReqst by : S K Palit |
||
| 942 |
_2ddc _cBK |
||
| 999 |
_c78733 _d78733 |
||